|
|
|
|
| LEADER |
01028nam a2200337 4500 |
| 001 |
DLU180184636 |
| 005 |
##20180502 |
| 020 |
# |
# |
|a 9786047867578
|
| 040 |
# |
# |
|a DLU
|b vie
|
| 041 |
# |
# |
|a vie
|
| 044 |
# |
# |
|a vn
|
| 082 |
# |
# |
|a 291.3
|b BU-V
|
| 100 |
# |
# |
|a Bùi Huy Vọng.
|
| 245 |
# |
# |
|a Tục thờ cây si /
|c Bùi Huy Vọng.
|
| 260 |
# |
# |
|a H. :
|b Mỹ thuật,
|c 2017.
|
| 300 |
# |
# |
|a 532 tr. :
|b minh họa ;
|c 21 cm.
|
| 505 |
# |
# |
|a Chương 1. Tín ngưỡng thờ cây si -- Chương 2. Làm vía kéo si lên mường trời -- Chương 3. Thấy gì qua nghi lễ làm vía kéo si lên mường trời.
|
| 546 |
# |
# |
|a Tài liệu viết bằng tiếng Việt - Mường.
|
| 650 |
# |
# |
|a Mường (Dân tộc Việt Nam)
|z Việt Nam
|z Hòa Bình
|x Tín ngưỡng dân gian.
|
| 923 |
# |
# |
|a 01/2018
|
| 991 |
# |
# |
|a SH
|
| 992 |
# |
# |
|a 21000
|
| 994 |
# |
# |
|a DLU
|
| 900 |
# |
# |
|a True
|
| 911 |
# |
# |
|a Nguyễn Thanh Hương
|
| 925 |
# |
# |
|a G
|
| 926 |
# |
# |
|a A
|
| 927 |
# |
# |
|a SH
|
| 980 |
# |
# |
|a Thư viện Trường Đại học Đà Lạt
|